A stratégiai beszerzés, mint kritikus controlling sikertényező elemzése a logisztikában

Bibliográfiai részletek
Szerző: Anstead Ádám
További közreműködők: Ország dr. Adrienn
Dokumentumtípus: Diplomadolgozat
Kulcsszavak:beszerzési stratégia
ellátási lánc - ellátó hálózat
folyamatmenedzsment
logisztikai controlling
vállalati beszerzés
Online Access:http://dolgozattar.uni-bge.hu/60360

MARC

LEADER 00000nta a2200000 i 4500
001 dolg60360
005 20260409150501.0
008 260409suuuu hu om 000 hun d
040 |a BGE Dolgozattár Repozitórium  |b hun 
041 |a hu 
100 1 |a Anstead Ádám 
245 1 2 |a A stratégiai beszerzés, mint kritikus controlling sikertényező elemzése a logisztikában  |c Anstead Ádám  |h [elektronikus dokumentum] 
520 3 |a A dolgozat központi célkitűzése a stratégiai beszerzés vállalaton belüli funkcionális és strukturális jelentőségének feltárása, különös hangsúlyt helyezve arra, hogy a beszerzési döntések milyen módon alakítják a logisztikai teljesítményt és a vállalati eredményességet mindezt controlling szemszögből megközleítve. Az elemzés elméleti bázisát a Kraljic-portfóliómodell, a stratégiai beszerzés hétlépcsős folyamata, valamint a controlling szemléleti keretrendszere adja, amelyek együttesen biztosítják a későbbi empirikus vizsgálatok értelmezési háttérét. A kutatás gyakorlati részét két mélyinterjú, illetve egy publikus vállalati adatbázison végzett primer statisztikai feldolgozás alkotja; ezek a Schneider Electric ellátási lánc- és beszerzési működésének példáján keresztül teszik lehetővé a hipotézisek valós környezetben történő alátámasztását. A dolgozat egyik saját hozzájárulása egy új, integrált módszertani megközelítés kidolgozása, amely a szakirodalomban ismertetett modelleket továbbgondolva olyan érettségi és kockázati alapú keretrendszert hoz létre, amely mind kvantitatív, mind kvalitatív módon képes értékelni a stratégiai beszerzés vállalati értékteremtésben betöltött szerepét. Az empirikus eredmények igazolják, hogy a beszerzés napjaink vállalataiban már nem pusztán operatív háttérfolyamat, hanem adatvezérelt, fenntarthatósági szempontokat és KPI-alapú mérési rendszereket integráló controlling stratégiai terület, amely a modern ellátási láncok egyik legmeghatározóbb tényezőjévé vált, valamint a mai világ egyik mozgatórugója. 
695 |a beszerzési stratégia 
695 |a ellátási lánc - ellátó hálózat 
695 |a folyamatmenedzsment 
695 |a logisztikai controlling 
695 |a vállalati beszerzés 
700 1 |a Ország dr. Adrienn  |e ths 
856 4 0 |u http://dolgozattar.uni-bge.hu/60360/1/ANSTEAD%20ADAM%20_%20A%20strat%C3%A9giai%20beszerz%C3%A9s%20mint%20kritikus%20controlling%20sikert%C3%A9nyez%C5%91%20elemz%C3%A9se%20a%20logisztik%C3%A1ban%20_%20Szakdolgozat%20fin.pdf  |z Dokumentum-elérés 
856 4 0 |u http://dolgozattar.uni-bge.hu/60360/2/B%C3%ADr%C3%A1lat_Anstead_%C3%81d%C3%A1m.pdf  |z Dokumentum-elérés